Statistics for Popular Spanish Verbs Vocabulary Word List (Large)

Click here to take the quiz!

General Stats

  • This quiz has been taken 17,644 times
    (17,640 since last reset)
  • The average score is 69 of 126

Answer Stats

English español % Correct
to drinkbeber
87%
to eatcomer
85%
to dancebailar
84%
to openabrir
82%
to singcantar
81%
to goir
80%
to sleepdormir
80%
to live vivir
79%
to writeescribir
79%
to speakhablar
79%
to studyestudiar
78%
to buycomprar
78%
to knowconocer
77%
to worktrabajar
77%
to readleer
77%
to helpayudar
76%
to listenescuchar
76%
to runcorrer
76%
to cookcocinar
74%
to givedar
73%
to understandcomprender
73%
to be estar
73%
to loveamar
73%
to useusar
73%
to makehacer
73%
to paypagar
73%
to wantquerer
73%
to saydecir
73%
to learnaprender
72%
to visit visitar
72%
to believecreer
69%
to preparepreparar
69%
to countcontar
69%
to practicepracticar
69%
to walkcaminar
68%
to thinkpensar
68%
to neednecesitar
67%
to travelviajar
66%
to decidedecidir
65%
to askpreguntar
65%
to winganar
64%
to be ablepoder
64%
to describedescribir
64%
to sellvender
64%
to leavedejar
64%
to costcostar
63%
to look forbuscar
63%
to hearoír
63%
to diemorir
63%
to continuecontinuar
62%
to watchmirar
62%
to preferpreferir
61%
to teachenseñar
60%
to explainexplicar
59%
to waitesperar
59%
to enter entrar
59%
to permitpermitir
59%
to forgetolvidar
58%
to rainllover
58%
to arrivellegar
58%
to receiverecibir
58%
to touchtocar
58%
to defenddefender
57%
to fallcaer
57%
to washlavar
56%
to wearllevar
56%
to loseperder
54%
to complicatecomplicar
54%
to beginempezar
54%
to breakromper
54%
to bringtraer
53%
to returnregresar
53%
to existexistir
52%
to findencontrar
51%
to sendenviar
51%
to obtainobtener
50%
to turn offapagar
49%
to sitsentar
49%
to rememberrecordar
49%
to hugabrazar
49%
to admitadmitir
48%
to suffersufrir
48%
to constructconstruir
48%
to includeincluir
47%
to liementir
44%
to analyzeanalizar
44%
to spendgastar
44%
to destroydestruir
43%
to confessconfesar
43%
to discoverdescubrir
43%
to ask forpedir
43%
to signfirmar
43%
to rentalquilar
43%
to omitomitir
42%
to skiesquiar
41%
to covercubrir
40%
to showmostrar
40%
to attend toatender
39%
to go to bedacostarse
39%
to provokeprovocar
38%
to contributecontribuir
38%
to desiredesear
37%
to discussdiscutir
36%
to enjoydisfrutar
35%
to agree withacordar
35%
to distributedistribuir
34%
to hurtdoler
34%
to justifyjustificar
34%
to uniteunir
33%
to arrestdetener
33%
to spyespiar
33%
to go upsubir
32%
to heat upcalentar
31%
to owedeber
31%
to influenceinfluir
30%
to dissolvedisolver
27%
to confideconfiar
27%
to feartemer
27%
to punishcastigar
26%
to huntcazar
26%
to chewmasticar
25%
to bitemorder
24%
to boilhervir
20%
to extractextraer
19%
to swallowtragar
15%
to maltreatmaltraer
11%

Score Distribution

Percentile by Number Answered

Percent of People with Each Score

Your Score History

You have not taken this quiz since the last reset